MARC details
| 000 -CABECERA |
| campo de control de longitud fija |
01988nam a2200373 i 4500 |
| 001 - NÚMERO DE CONTROL |
| campo de control |
000026688 |
| 003 - IDENTIFICADOR DEL NÚMERO DE CONTROL |
| campo de control |
DO-SdBNP |
| 005 - FECHA Y HORA DE LA ÚLTIMA TRANSACCIÓN |
| campo de control |
20250116163337.0 |
| 006 - CÓDIGOS DE INFORMACIÓN DE LONGITUD FIJA--CARACTERÍSTICAS DEL MATERIAL ADICIONAL |
| campo de control de longitud fija |
a||||gr|||| 00| 0 |
| 007 - CAMPO FIJO DE DESCRIPCIÓN FÍSICA--INFORMACIÓN GENERAL |
| campo de control de longitud fija |
ta |
| 008 - DATOS DE LONGITUD FIJA--INFORMACIÓN GENERAL |
| campo de control de longitud fija |
110324e2000 dr adb r o000 0 spa d |
| 040 ## - FUENTE DE LA CATALOGACIÓN |
| Centro catalogador/agencia de origen |
DO-SdBNP |
| Lengua de catalogación |
spa |
| Centro/agencia transcriptor |
BNPHU |
| Normas de descripción |
rda |
| 082 #4 - NÚMERO DE LA CLASIFICACIÓN DECIMAL DEWEY |
| Número de documento/Ítem |
R426e |
| Número de edición |
22 |
| 110 1# - ENTRADA PRINCIPAL--NOMBRE DE ENTIDAD CORPORATIVA |
| Nombre de entidad corporativa o nombre de jurisdicción como elemento de entrada |
República Dominicana. |
| Unidad subordinada |
Secretaría de Estado de Educación y Cultura |
| Término indicativo de función/relación |
autor |
| 9 (RLIN) |
18697 |
| 245 10 - MENCIÓN DE TÍTULO |
| Título |
Educación para todos, evaluación al año 2000 : |
| Resto del título |
informe de la República Dominicana / |
| Mención de responsabilidad, etc. |
Preparado por: Josefina Pimentel, Rafael Deláncer, Minerva Vincent, Rafael A. González,Ezequiel Valdez de la Cruz; presentación, Ligia Amada Melo. |
| 264 #1 - PRODUCCIÓN, PUBLICACIÓN, DISTRIBUCIÓN, FABRICACIÓN Y COPYRIGHT |
| Producción, publicación, distribución, fabricación y copyright |
Santo Domingo : |
| Nombre del de productor, editor, distribuidor, fabricante |
Secretaría de Estado de Educación y Cultura, |
| Fecha de producción, publicación, distribución, fabricación o copyright |
2000. |
| 300 ## - DESCRIPCIÓN FÍSICA |
| Extensión |
153 páginas : |
| Otras características físicas |
Ilustraciones, gráficas, mapa ; |
| Dimensiones |
27 cm. |
| 336 ## - TIPO DE CONTENIDO |
| Fuente |
rdacontent |
| Término de tipo de contenido |
texto |
| Código de tipo de contenido |
txt |
| 337 ## - TIPO DE MEDIO |
| Fuente |
rdamedia |
| Nombre/término del tipo de medio |
sin mediación |
| Código del tipo de medio |
n |
| 338 ## - TIPO DE SOPORTE |
| Fuente |
rdacarrier |
| Nombre/término del tipo de soporte |
volumen |
| Código del tipo de soporte |
nc |
| 490 1# - MENCIÓN DE SERIE |
| Mención de serie |
Gestión educativa ; |
| Designación de volumen o secuencia |
1 |
| 500 ## - NOTA GENERAL |
| Nota general |
Incluye referencias documentales, páginas 151 - 153. |
| 505 ## - NOTA DE CONTENIDO CON FORMATO |
| Nota de contenido con formato |
Presentación.-- Introducción. |
| Título |
PARTE I. Panorámica en cifra: el entorno Global del Sistema educativo Dominicano; de sus alcances, su eficiencia y su base fundamental de financiamiento hasta el año escolar 1998/1999.-- |
| -- |
PARTE II. Logros y avances en los objetos generales de educación para todos.-- |
| -- |
PARTE III. Previsiones complementarias.-- |
| -- |
PARTE IV. Fortalezas, debilidades y conclusiones.-- |
| -- |
Anexos.-- |
| -- |
Preferencias documentales. |
| 590 ## - NOTA LOCAL (RLIN) |
| Nota local |
Inventariado 2023 / MF |
| 650 #4 - PUNTO DE ACCESO ADICIONAL DE MATERIA--TÉRMINO DE MATERIA |
| Término de materia o nombre geográfico como elemento de entrada |
Administración pública |
| Subdivisión de forma |
Informe |
| Subdivisión geográfica |
República Dominicana |
| 9 (RLIN) |
77190 |
| 650 #4 - PUNTO DE ACCESO ADICIONAL DE MATERIA--TÉRMINO DE MATERIA |
| Término de materia o nombre geográfico como elemento de entrada |
Educación |
| Subdivisión de forma |
Informe |
| Subdivisión geográfica |
República Dominicana |
| 9 (RLIN) |
84743 |
| 700 12 - PUNTO DE ACCESO ADICIONAL--NOMBRE DE PERSONA |
| Nombre de persona |
Amada Melo, Ligia, |
| 9 (RLIN) |
37245 |
| Término indicativo de función/relación |
presentación |
| 700 #2 - PUNTO DE ACCESO ADICIONAL--NOMBRE DE PERSONA |
| Nombre de persona |
Pimentel, Josefina |
| 9 (RLIN) |
5745 |
| 700 #2 - PUNTO DE ACCESO ADICIONAL--NOMBRE DE PERSONA |
| Nombre de persona |
Deláncer, Rafael |
| 9 (RLIN) |
84744 |
| 700 #2 - PUNTO DE ACCESO ADICIONAL--NOMBRE DE PERSONA |
| Nombre de persona |
Vincent, Minerva |
| 9 (RLIN) |
37433 |
| 700 #2 - PUNTO DE ACCESO ADICIONAL--NOMBRE DE PERSONA |
| Nombre de persona |
González, Rafael A. |
| 9 (RLIN) |
42866 |
| 700 #2 - PUNTO DE ACCESO ADICIONAL--NOMBRE DE PERSONA |
| Nombre de persona |
Valdez de la Cruz, Ezequiel |
| 9 (RLIN) |
84745 |
| 942 ## - ELEMENTOS DE PUNTO DE ACCESO ADICIONAL (KOHA) |
| Fuente del sistema de clasificación o colocación |
Dewey Decimal Classification |
| Tipo de ítem Koha |
Libro |